00700nam a2200193 i 450000100060000000300090000600500170001500700030003200800410003510000270007624501130010325000150021626000300023130000350026170000390029685200320033599900170036795201220038492850ES-MaACL20230906181054.0t|050330s1970 sp ||||1| spa d1 aLivesley, R. K.97259410aMétodos matriciales para cálculo de estructuras / cR. K. Livesley; versión Julio Martínez Calzón. a[1ª ed.]. aMadrid : bBlume, c1970. aXII, 206 p. : bil. ; c25 cm.1 aMartínez Calzón, Julio.977918 aES-MaACLjC-37685 bR.73465 c92850d92850 00104070aATENEOMbATENEOMcDEPO2d2008-01-17eSCl0oC-37685p1096930r2023-02-23 00:00:00w2023-02-23yMONOGRAFIA